Trh stavebných kapacít a prác so zameraním na špecifiká, riziká a prínosy z vývozu stavebných prác záverečná práca postgraduálneho štúdia

Gespeichert in:
Bibliographische Detailangaben
1. Verfasser: Kabát, Imrich
Körperschaft: Vysoká škola ekonomická v Bratislave
Weitere Verfasser: Urban, Emil
Format: Buch
Sprache:Slowakisch
Veröffentlicht: Bratislava 1988
Tags: Tag hinzufügen
Keine Tags, Fügen Sie das erste Tag hinzu!

MARC

LEADER 00000nam a2200000 4500
001 c035881
005 20221219092452.9
041 0 |a slo 
044 |a SK 
245 1 0 |a Trh stavebných kapacít a prác so zameraním na špecifiká, riziká a prínosy z vývozu stavebných prác  |b záverečná práca postgraduálneho štúdia  |c Imrich Kabát ; ved. práce Emil Urban 
264 1 |a Bratislava  |c 1988 
300 |a 43 s. 
100 1 |a Kabát, Imrich 
700 1 |a Urban, Emil 
710 2 |a Vysoká škola ekonomická v Bratislave